00170 a2200085 450000100060000008200150000610000080002124500210002926000340005062532 a153.94 BRO aBro aGRE General test aNew delhibGalgotia pubc1992